000 01422nam0a2200325 4500
001 RU\NLR\bibl\1904125
005 20260406022140.0
010 _a978-5-91431-048-3
_9500
021 _aRU
_b2012-32027
_92379
035 _a(NLR Aleph) 001893723
090 _a2954636
_c2954636
100 _a20120517d2005 |||y0rusy50 ca
101 0 _arus
102 _aRU
105 _ac |||||||||
200 1 _aАли-Гаджи из Инхо: жизнь и творчество
_fЧ. С. Юсупова
_gИн-т яз., лит. и искусства им. Гамзата Цадасы Дагестан. науч. центра Рос. акад. наук
205 _aИзд. 2-е
210 _aМахачкала
_cИнститут языка, литературы и искусства Дагестанского научного центра РАН
_d2005
215 _a247, [1] с.
_cпортр.
_d21
320 _aБиблиогр. в примеч.: с. 14-16
600 0 _aАли-Гаджи
_f1845 - 1891
_92109037
_3RU\NLR\auth\661578317
686 _aШ5(2=Ав)5-4Али-Гаджи
700 1 _4070
_8rus
_7ca
_aЮсупова
_bЧ. С.
_gЧакар Саидовна
_3RU\NLR\auth\77123708
_9106633
702 0 _4570
_8rus
_7ca
_aАли-Гаджи
_f1845-1891
_3RU\NLR\AUTH\77113596
_996521
801 0 _aRU
_bNLR
_c20120517
_gRCR
801 1 _aRU
_bNLR
_c20120517
942 _cBOOK
980 _aNB